A közigazgatási bizottság erélyesen megsürgeti a piacrendezést és az ingyenfürdő felállítását felirat a kultuszminiszterhez a tankönyv-mizériák megszüntetéséért

Elmentve itt :
Bibliográfiai részletek
Dokumentumtípus: Cikk
Megjelent: 1927-09-16
Sorozat:Délmagyarország 3 No. 211
Kulcsszavak:Pálfy József, Tóth Béla, Buócz Béla, Pap Róbert, Gombkötő Antal, Cserő Ede, Kószó István, Oravetz Győző, Közgyűlés Szeged 1927
Online Access:http://dmarchiv.bibl.u-szeged.hu/46264
LEADER 00683nab a2200145 i 4500
001 delm46264
005 20180927131903.0
008 180927s1927 hu o 0|| hun d
040 |a SZTE Délmagyarország Archívum  |b hun 
041 |a hun 
245 0 2 |a A közigazgatási bizottság erélyesen megsürgeti a piacrendezést és az ingyenfürdő felállítását   |h [elektronikus dokumentum] :  |b felirat a kultuszminiszterhez a tankönyv-mizériák megszüntetéséért 
260 |c 1927-09-16 
300 |a 4 
490 0 |a Délmagyarország  |v 3 No. 211 
695 |a Pálfy József, Tóth Béla, Buócz Béla, Pap Róbert, Gombkötő Antal, Cserő Ede, Kószó István, Oravetz Győző, Közgyűlés Szeged 1927